000 00342 a2200133 4500
040 _aDLC
_bDL:C
082 _a891.4391
100 _aMustafa Zaidi
245 _aKoh-e-Nida
_cMustafa Zaidi
260 _aLahore:
_bAlhamad publications,
_c1998.
300 _a 112 p. ;
_c22 cm.
650 _aUrdu Literature--Poetry
942 _cBK
_k891.4391 MUS
_2ddc
999 _c5202
_d5202